| 000 | 005540000a22001810004500 | ||
|---|---|---|---|
| 003 | MACL | ||
| 005 | 20160420134710.0 | ||
| 008 | 160420b xxu||||| |||| 00| 0 eng d | ||
| 040 |
_aMACL _cMACL |
||
| 041 | _aHindi | ||
| 082 | _a341.481 | ||
| 100 |
_aडॉ रमेश प्रसाद गौतम _952888 |
||
| 245 | _aभारत में मानव अधिकार | ||
| 260 |
_bविश्वविघालय प्रकाशन _c2001 _aसागर |
||
| 350 | _a330 | ||
| 650 |
_aLaw _952889 |
||
| 942 |
_cHIN _k341.48/GAU _2ddc |
||
| 999 |
_c30648 _d30648 |
||